|
|
|
|
| LEADER |
00620cam a2200169 7i4500 |
| 001 |
0000023845 |
| 005 |
20120903090000.0 |
| 090 |
0 |
0 |
|a PZ3
|b .T43 2008
|
| 100 |
3 |
|
|a Tan, Han Chew
|
| 245 |
1 |
4 |
|a The performance of sawdust as sand replacement in concrete
|c Tan Han Chew.
|
| 260 |
|
|
|a Bestari Jaya, Selangor:
|b UNISEL,
|c 2008.
|
| 300 |
|
|
|a vi, 58 p.:
|b col. ill.;
|c 30 cm.
|
| 502 |
|
|
|a Thesis (Bachelor of Civil Engineering), UNISEL, 2008
|
| 610 |
2 |
|
|a Universiti Industri Selangor
|
| 650 |
0 |
0 |
|a Construction --
|x Alternatives
|
| 650 |
0 |
0 |
|a Sawdust --
|x Sand replacement
|
| 999 |
|
|
|a THE0000418
|b THESIS
|c THESIS
|e Thesis Room, Bestari Jaya
|